| 000 | 00959nam a2200301 a 4500 | ||
|---|---|---|---|
| 001 | 000039680 | ||
| 003 | DO-SdBPM | ||
| 005 | 20250625101449.0 | ||
| 007 | ta | ||
| 008 | 130716s2011 dr a 000 0 spa d | ||
| 020 | _a9789945004120 | ||
| 040 |
_aDO-SdBPM _bspa _cBPMSU _drda |
||
| 082 | 4 |
_aRD861.44 _bG633f 2011 _222 |
|
| 100 | 1 |
_aGómez Rosa, Alexis, _d1950- _eautor |
|
| 100 | z | _a Rosa, Alexis Gómez | |
| 245 | 1 | 0 |
_aEl festín : _b(s) obras completas. Poemas 1967-2011 / _cAlexis Gómez Rosa. |
| 264 |
_aSanto Domingo : _bAmigo del Hogar, _c2011. |
||
| 300 |
_a1518 páginas. ; _c24 cm. |
||
| 336 |
_atexto _btxt _2rdacontent |
||
| 337 |
_asin mediación _bn _2rdamedia |
||
| 338 |
_avolumen _bnc _2rdacarrier |
||
| 500 | _a | ||
| 590 | _aInventariado, 2025/VM | ||
| 650 | 7 |
_aPoesía dominicana _y1967-2011 _vColecciones |
|
| 650 | 7 |
_aLiteratura dominicana _y1967-2011 _vColecciones |
|
| 910 | _aVMateo V. Control de calidad BPMSU | ||
| 942 |
_2ddc _cBK |
||
| 999 |
_c15214 _d15214 |
||